Statystyki dla Flagi z 3 pionowymi pasami

Kliknij tutaj aby rozwiązać quiz!

Ogólne statystyki

  • Ten quiz został rozwiązany 79 razy
  • Średni wynik to 18 z 21

Statystyki odpowiedzi

Odpowiedź% Poprawnych
Belgia
100%
Kanada
100%
Francja
97%
Irlandia
97%
Włochy
94%
Meksyk
93%
Rumunia
93%
Andora
92%
Nigeria
90%
Wybrzeże Kości Słoniowej
89%
Peru
86%
Senegal
86%
Czad
82%
Mongolia
82%
Mołdawia
80%
Barbados
77%
Gwatemala
70%
Kamerun
70%
Mali
63%
Gwinea
59%
Saint Vincent i Grenadyny
54%

Rozkład punktacji

Percentyl według liczby udzielonych odpowiedzi

Procent ludzi z każdym wynikiem

Twoja historia wyników

Nie rozwiązałeś tego quizu